| 000 | 00697nam a22001937a 4500 | ||
|---|---|---|---|
| 003 | NUST - PNEC | ||
| 005 | 20170116180749.0 | ||
| 008 | 150304b xxu||||| |||| 00| 0 eng d | ||
| 020 | _a8121939984 | ||
| 040 | _cLIBRARY | ||
| 082 | _a621.31042 NAV | ||
| 100 |
_91584 _aNavani Er. J.P. |
||
| 245 |
_aElectrical machines and automatic control _cEr. J.P. Navani |
||
| 260 |
_aNew Delhi : _bS. Chand & Company; _cc.2012. |
||
| 300 | _a483 p. : | ||
| 650 |
_91583 _aElectrical machinery & equipement _xME, IME |
||
| 856 | _uhttp://www.amazon.com/Electrical-Machines-And-Automatic-Control/dp/8121939984/ref=sr_1_cc_1?s=aps&ie=UTF8&qid=1425443957&sr=1-1-catcorr&keywords=8121939984 | ||
| 942 |
_2ddc _cBK |
||
| 999 |
_c62474 _d62474 |
||